|
|
|
|
| LEADER |
00000nam0a2200000 4500 |
| 001 |
347215 |
| 005 |
20231102005955.0 |
| 010 |
|
|
|a 9785171132262
|
| 035 |
|
|
|a (RuTPU)RU\TPU\book\379100
|
| 035 |
|
|
|a RU\TPU\book\108200
|
| 090 |
|
|
|a 347215
|
| 100 |
|
|
|a 20220305d2019 m y0rusy50 ca
|
| 101 |
1 |
|
|a rus
|c por
|
| 102 |
|
|
|a RU
|
| 105 |
|
|
|a y z 000ay
|
| 200 |
1 |
|
|a Дневник мага
|e роман
|e пер. с португ.
|f П. Коэльо
|g пер. А. Богдановского
|
| 210 |
|
|
|a Москва
|c АСТ
|d 2019
|
| 215 |
|
|
|a 314 с.
|
| 330 |
|
|
|a Автобиографический роман Пауло Коэльо "Дневник мага" посвящен поиску древней мудрости, которую постепенно обретает герой, отправившись по древнему паломническому пути в испанский город Саньяго-де-Компостела. Эта мудрость, помимо духовного наставничества, включает в себя эзотерические упражнения, помогающие человеку в самых тяжелых обстоятельствах сохранять спокойствие и накапливать внутреннюю силу.
|
| 606 |
1 |
|
|a Португальская литература
|2 stltpush
|3 (RuTPU)RU\TPU\subj\50884
|9 69514
|
| 610 |
1 |
|
|a художественная литература
|
| 610 |
1 |
|
|a романы
|
| 610 |
1 |
|
|a автобиографические романы
|
| 675 |
|
|
|a 869
|v 3
|
| 700 |
|
1 |
|a Коэльо
|b П.
|g Пауло
|
| 702 |
|
1 |
|a Богдановский
|b А.
|4 730
|
| 801 |
|
1 |
|a RU
|b 63413507
|c 20060824
|g PSBO
|
| 801 |
|
2 |
|a RU
|b 63413507
|c 20220323
|g PSBO
|
| 942 |
|
|
|c BK
|